Artificial Intelligence : (Record no. 301)
[ view plain ]
| 000 -LEADER | |
|---|---|
| fixed length control field | 00793nam a22002777a 4500 |
| 001 - CONTROL NUMBER | |
| control field | 301 |
| 003 - CONTROL NUMBER IDENTIFIER | |
| rucl marc code | BD-RjUL |
| 005 - DATE AND TIME OF LATEST TRANSACTION | |
| control field | 20211208233143.0 |
| 008 - FIXED-LENGTH DATA ELEMENTS--GENERAL INFORMATION | |
| fixed length control field | 131117s2003 ii de||| |||| 001 0 eng d |
| 020 ## - INTERNATIONAL STANDARD BOOK NUMBER | |
| International Standard Book Number | 81-203-2382-3 |
| 035 ## - SYSTEM CONTROL NUMBER | |
| System control number | (BD-RjUL)318 |
| 040 ## - CATALOGING SOURCE | |
| Original cataloging agency | BD-RjUL |
| Language of cataloging | eng |
| Transcribing agency | BD-RjUL |
| 041 ## - LANGUAGE CODE | |
| Language code of text/sound track or separate title | eng |
| 082 ## - DEWEY DECIMAL CLASSIFICATION NUMBER | |
| Edition number | 23 |
| Classification number | 005.1 |
| Author mark and year | RUA 2005 |
| 100 1# - MAIN ENTRY--PERSONAL NAME | |
| Personal name | Russel,Stuart J. |
| 9 (RLIN) | 962 |
| 245 1# - TITLE STATEMENT | |
| Title | Artificial Intelligence : |
| Remainder of title | A Modern Approach / |
| Statement of responsibility, etc. | Stuart J Russell. |
| 250 ## - EDITION STATEMENT | |
| Edition statement | 2nd ed. |
| 260 ## - PUBLICATION, DISTRIBUTION, ETC. (IMPRINT) | |
| Place of publication, distribution, etc. | New delhi : |
| Name of publisher, distributor, etc. | Prentice Hall of India, |
| Date of publication, distribution, etc. | 2005. |
| 300 ## - PHYSICAL DESCRIPTION | |
| Pagination | xxvii,1080p. : |
| Illustrations | ill. ; |
| Size | 24 cm. |
| 504 ## - BIBLIOGRAPHY, ETC. NOTE | |
| Bibliography, etc | Includes index |
| 520 ## - SUMMARY, ETC. | |
| Summary, etc. | |
| 650 #7 - SUBJECT ADDED ENTRY--TOPICAL TERM | |
| Source of heading or term | SLSH |
| Topical term or geographic name as entry element | Artificial intelligence. |
| 9 (RLIN) | 887 |
| 700 ## - ADDED ENTRY--PERSONAL NAME | |
| Personal name | Norvig,Peter. |
| 856 ## - ELECTRONIC LOCATION AND ACCESS | |
| Materials specified | Worldcat detals |
| Uniform Resource Identifier | <a href="http://www.worldcat.org/">http://www.worldcat.org/</a> |
| 942 ## - ADDED ENTRY ELEMENTS (KOHA) | |
| Source of classification or shelving scheme | Dewey Decimal Classification |
| Koha item type | Books |
| Lost status | Source of classification or shelving scheme | Damaged status | Not for loan | Collection code | Permanent Location | Current Location | Shelving location | Date acquired | Source of acquisition | Cost, normal purchase price | Total Checkouts | Full call number | Date last seen | Copy number | Koha item type | Total Renewals | Date checked out |
|---|---|---|---|---|---|---|---|---|---|---|---|---|---|---|---|---|---|
| Dewey Decimal Classification | Non-fiction | Central Library, University of Rajshahi | Central Library, University of Rajshahi | 01/06/2006 | Paragon enter prises | 395.00 | 005.1 RUA 2005 | 17/11/2013 | C-6 | Books | |||||||
| Dewey Decimal Classification | Non-fiction | Central Library, University of Rajshahi | Central Library, University of Rajshahi | 01/06/2006 | Paragon enter prises | 395.00 | 005.1 RUA 2005 | 17/11/2013 | C-4 | Books | |||||||
| Dewey Decimal Classification | Non-fiction | Central Library, University of Rajshahi | Central Library, University of Rajshahi | 29/04/2006 | Paragon Enterprise ltd., Dhaka | 395.00 | 2 | 005.1 RUA 2005 | 27/03/2018 | C-2 | Books | 2 | 28/02/2018 | ||||
| Dewey Decimal Classification | Not For Loan | Non-fiction | Central Library, University of Rajshahi | Central Library, University of Rajshahi | Reading Room | 29/04/2006 | Paragon Enterprise ltd., Dhaka | 395.00 | 005.1 RUA 2005 | 13/03/2017 | C-1 | Books |